Certifikáty vhodné pri poklese finančných trhov

Charakteristika investičných certifikátov. Podrobnejšia analýza diskontovaných certifikátov. Aby si investor vybral investíciu, ktorá spĺňa jeho požiadavky, je pre neho prínosné pochopiť podstatu tvorby investičných certifikátov a ich správanie pri zmenách na trhoch.

Uložené v:
Podrobná bibliografia
Hlavný autor: Nováková, Bibiána
Médium: Kapitola
Jazyk:Slovak
Predmet:
Tagy: Pridať tag
Žiadne tagy, Buďte prvý, kto otaguje tento záznam!

MARC

LEADER 00000nla a2200000 4500
001 0200283
005 20240417075057.3
041 0 |a slo 
044 |a SK 
245 1 0 |a Certifikáty vhodné pri poklese finančných trhov  |c Bibiána Nováková 
520 |a Charakteristika investičných certifikátov. Podrobnejšia analýza diskontovaných certifikátov. Aby si investor vybral investíciu, ktorá spĺňa jeho požiadavky, je pre neho prínosné pochopiť podstatu tvorby investičných certifikátov a ich správanie pri zmenách na trhoch. 
610 2 0 |a investori 
610 2 0 |a investície 
610 2 0 |a certifikáty investičné 
610 2 0 |a analýza finančná 
610 2 0 |a stratégia investičná 
610 2 0 |a trh finančný 
100 1 |a Nováková, Bibiána